Music Quiz

Random Music or Clickable Quiz
Score 0/30 Timer 05:00
4 Plays Today
% Correct
Dust
94%
Away
93.1%
Time
93%
Want
90.9%
Only
90.7%
Bangkok
90.6%
Way
90.2%
Us
89.2%
Goodbye
89%
Still
88.1%
Beer
86.2%
Moment
85.7%
Love
84.9%
Fine
83.8%
Tree
83.6%
% Correct
Thing
82.6%
Kiss
80.3%
Tin
78.4%
Reason
77.2%
Pretty
77.2%
Back
77%
Night
69.8%
Apple
68.9%
Step
66.8%
No
61.2%
Sweet
60.3%
Week
58.7%
Dance
57.8%
Bell
56.3%
Headlight
45.5%
Remove Ads.
Support Sporcle.
Get the best of Sporcle when you Go Orange. This ad-free experience offers more features, more stats, and more fun while also helping to support Sporcle. Thank you for becoming a member.

You're not logged in!

Compare scores with friends on all Sporcle quizzes.
OR
Log In

Show Comments

Extras

Top Quizzes Today


Score Distribution

Your Account Isn't Verified!

In order to create a playlist on Sporcle, you need to verify the email address you used during registration. Go to your Sporcle Settings to finish the process.

Report this User

Report this user for behavior that violates our Community Guidelines.

Details: